Responses for show #2341 - Monday, November 7, 1994

1994 Celebrity Jeopardy! game 1.

Contestants

Tony Randall, an actor from the National Actors Theatre

Stefanie Powers, an actress from Hart to Hart

General H. Norman Schwarzkopf, a retired general from the U.S. Army

Jeopardy! Round responses

ANCIENT TIMES
ROCK SONGS
HOLIDAYS & OBSERVANCES
ENGLISH LIT.
POTENT POTABLES
THE ELEMENTS
    $100 11
Babylon

Norm
    $100 26
[The end-of-round signal sounds.]

"Rock Around The Clock"

Stefanie
    $100 21
Mother's Day

Stefanie
    $100 6
Tess

Norm
    $100 1
vermouth

Tony
    $100 16
aluminum

Tony
    $200 12
gods

Tony
    $200 22
(Tony: What is Thanksgiving?)

Christmas

NormTony
    $200 7
Eliot

Tony
    $200 2
bourbon

Norm
    $200 17
(Tony: What are tires?)

rubber

NormTony
    $300 13
the Pony Express

Norm
    $300 23
(Stefanie: Uh, what is All Souls' Day?)

Halloween

StefanieTony
    $300 8
Agatha Christie

Tony
    $300 3
rum

Stefanie
    $300 18
helium

Norm
    $400 14
Homer

Tony
    $400 24
Hannukah

Stefanie
    $1,100 9
King Arthur

Tony
    $400 4
Greece

Stefanie
    $400 19
mercury

Norm
    $500 15
(Tony: What is the total known world? Of the time?)
(Alex: Incorrect.)
(Tony: Oh, nope, I do know!)

Europe, Asia & Africa

NormTony
    $500 25
Bastille Day

Norm
    $500 10
Milton

Norm
    $500 5
vodka

Tony
    $500 20
iodine

Norm

Scores at the first commercial break (after clue 12):

Norm Stefanie Tony
$900 $700 $2,400

Scores at the end of the Jeopardy! Round:

Norm Stefanie Tony
$3,800 $1,000 $2,300

Double Jeopardy! Round responses

FAMOUS AMERICANS
Mcs & Macs
ANATOMY
THE EMMYS
WORLD CAPITALS
POTPOURRI
    $200 2
(Alexander Graham) Bell

Tony
    $200 21
McCarthy

Stefanie
    $200 16
estrogen

Stefanie
    $200 1
Havana

Tony
    $200 11
stealing

Stefanie
    $400 3
(Stefanie: Who--Oh! Pass. Aye!)

Justice Ginsberg

StefanieTony
    $400 22
[The end-of-round signal sounds.]

MacArthur

Tony
    $400 17
(Alex: You are right, and we have about a minute to go in the round.)

sour

Norm
    $400 7
Tokyo

Tony
    $400 12
Napoléon

Tony
    $600 4
George Washington Carver

Tony
    $600 18
the knee

Norm
    $600 10
Vienna

Norm
    $600 13
(Tony: I don't know.)
(Alex: That's too bad, because it's going to cost you $600.)
(Tony: That's not fair!)
(Alex: Yes it is!)
(Tony: I admitted I didn't know!)
(Alex: Yes, but you rang in!)
(Tony: I--that was a mistake! We're all human!)
(Alex: And it cost you!)
(Tony: Dammit.)
(Alex: Stefanie or Norm? Stefanie?)
(Stefanie: Uh, yes please. Uh, uhm, EPCOT Center? What is EPCOT Center?)

Tomorrowland

StefanieTony
Triple Stumper
    $800 5
Alexander Hamilton

Norm
    $800 19
the kidneys

Norm
    $800 8
Iceland

Tony
    $800 14
the piccolo

Tony
    $2,000 6
[NOTE: The clue displayed "Scottish-American" with a hyphen as shown.]
(Alex: General?)
(Norm: Don't have it.)
(Alex: Who is [*]?)
(Norm: [*], of course.)
(Tony: [Shouting] I knew it!)
(Norm: I did too, I was just being polite.)
(Alex: You didn't have a chance to give a response to that!)

Andrew Carnegie

Norm
    $1,000 20
the liver

Norm
    $1000 9
Turkey

Norm
    $1000 15
Giacomo Puccini

Tony

Scores at the end of the Double Jeopardy! Round:

Norm Stefanie Tony
$7,000 $600 $6,900

[wagering suggestions for these scores]

Final Jeopardy! Round responses

U.S. LANDMARKS
StefanieWhat is the White House
$600
TonyWhat is the White House?
$3,000
NormWhat is the White House?
$7,000
the White House

Final scores:

Norm Stefanie Tony
$14,000 $1,200 $9,900
Winner: $14,000 to the Boggy Creek Gang 3rd place: $10,000 to the William Holden Wildlife Foundation 2nd place: $10,000 to the National Actors Theatre

Game dynamics:

Coryat scores:

Norm Stefanie Tony
$9,000 $600 $6,200
19 R
(including 1 DD),
1 W
(including 1 DD)
8 R,
3 W
19 R
(including 1 DD),
4 W

Combined Coryat: $15,800

The J! Archive is created by fans, for fans. The Jeopardy! game show and all elements thereof, including but not limited to copyright and trademark thereto, are the property of Jeopardy Productions, Inc. and are protected under law. This website is not affiliated with, sponsored by, or operated by Jeopardy Productions, Inc. Join the discussion at JBoard.tv.